Grammar 2

Saved in:
Bibliografiske detaljer
Main Authors: Jacobs, Roderick A (Author), Rosenbaum, Peter S (Author)
Format: Bog
Sprog:engelsk
Udgivet: Winchester Ginn 1967
Fag:
Tags: Tilføj Tag
Ingen Tags, Vær først til at tagge denne postø!

MARC

LEADER 00000nam a2200000 a 4500
001 UCI2073
003 CL-VaPUC
008 070803e19670000us |||||||||||||||||eng|d
082 0 4 |a 425  |b JAC  |2 21 
100 |a Jacobs, Roderick A  |e author  |9 522939 
700 0 |a Rosenbaum, Peter S  |e author  |9 522940 
245 1 0 |a Grammar 2 
300 |a 66 p 
942 |c BK 
945 |d 20070803 00:00:00  |a rbrito 
260 |a Winchester  |b Ginn  |c 1967 
650 7 |a INGLES-GRAMATICA  |2 CL-VaPUC  |9 313180 
650 0 |a Gramática  |9 270497 
650 0 |a Enseñanza del inglés  |9 367340 
650 0 |a Enseñanza de idiomas  |9 339820 
583 |a last modification  |c 20171114 10:55:33  |k Rodrigo Vera 
999 |c 326720  |d 326718 
952 |0 0  |1 0  |4 0  |6 425_000000000000000_JAC_1967  |7 0  |8 A  |9 408832  |a FDOPOS  |b FDOPOS  |d 2019-11-22  |i 4360966  |o 425 JAC 1967  |p 4360966  |r 2025-01-22  |w 2019-11-22  |y BK  |k MLA